| 000 | 00590cam a22002171 4500 | ||
|---|---|---|---|
| 001 | sa 68017222 | ||
| 003 | DLC | ||
| 005 | 20260227112701.0 | ||
| 008 | 720801s1966 xx 000 0 ind | ||
| 010 | _asa 68017222 | ||
| 035 | _a(OCoLC)370801 | ||
| 040 |
_aDLC _cOAU _dDLC |
||
| 042 | _apremarc | ||
| 050 | 0 | 0 |
_aRS141.75.I5 _bP35 |
| 110 | 2 | _aPanitia Formularium Nasional. | |
| 245 | 1 | 0 | _aFormularium Indonesia. |
| 250 | _aPenerbitan 1. | ||
| 260 |
_a[Djakarta] _bKementerian Kesehatan Republik Indonesia, _c1966. |
||
| 300 |
_a287 p. _c21 cm. |
||
| 650 | 0 |
_aPharmacopoeias _zIndonesia. |
|
| 999 |
_c87596 _d87596 |
||